[Event "POL Region-ch U15"]
[Site "Szczyrk"]
[Date "2012.10.21"]
[Round "5.4"]
[White "Kosmala, Mateusz"]
[Black "Mucha, Piotr"]
[Result "1/2-1/2"]
[WhiteElo "1865"]
[BlackElo "1981"]
[PlyCount "26"]
[EventDate "2012.10.14"]
[EventType "swiss"]
[EventRounds "9"]
[EventCountry "POL"]
[SourceTitle "EXT 2023"]
[Source "ChessBase"]
[SourceDate "2022.10.05"]
[SourceVersion "1"]
[SourceVersionDate "2022.10.05"]
[SourceQuality "1"]

1. d3 d5 2. Nd2 e5 3. e4 Nf6 4. Ngf3 Nc6 5. Be2 h6 6. 0-0 Be6 7. Re1 Bc5 8. Nb3 Bb6 9. exd5 Nxd5 10. c4 Nf6 11. c5 Bxb3 12. Qxb3 Bxc5 13. Qxb7 Nd4 1/2-1/2

[Event "POL-chT U19 2nd League"]
[Site "Borowice"]
[Date "2012.07.25"]
[Round "6"]
[White "Kosmala, Mateusz"]
[Black "Wielek, Thomas"]
[Result "1-0"]
[WhiteElo "1847"]
[BlackElo "1811"]
[PlyCount "59"]
[EventDate "2012.07.21"]
[EventType "team-swiss"]
[EventRounds "11"]
[EventCountry "POL"]
[SourceTitle "EXT 2014"]
[Source "ChessBase"]
[SourceDate "2013.11.20"]
[SourceVersion "1"]
[SourceVersionDate "2013.11.20"]
[SourceQuality "1"]
[WhiteTeam "Katowice UKS Palac Mlodziezy U19"]
[BlackTeam "Podlesie UKS 21 U19"]
[WhiteTeamCountry "POL"]
[BlackTeamCountry "POL"]

1. e4 c5 2. Ne2 g6 3. Nbc3 Bg7 4. g3 d6 5. Bg2 Nc6 6. d3 f5 7. 0-0 Nf6 8. Bg5 0-0 9. Rb1 a6 10. h3 Ra7 11. Qc1 Qe8 12. Bh6 b5 13. Bxg7 Kxg7 14. exf5 gxf5 15. Qg5+ Kh8 16. Qh6 Nd4 17. Nxd4 cxd4 18. Ne2 e5 19. c3 dxc3 20. Nxc3 Rg7 21. Nd5 Rg6 22. Nxf6 Rfxf6 23. Qh5 Qg8 24. Rbc1 f4 25. Bd5 Be6 26. Bxe6 Qxe6 27. Rc7 Rh6 28. Qg4 Qxg4 29. hxg4 f3 30. g5 1-0

[Event "POL-chT U19 2nd League"]
[Site "Borowice"]
[Date "2012.07.24"]
[Round "5"]
[White "Zmarzly, Aleksandra"]
[Black "Kosmala, Mateusz"]
[Result "1/2-1/2"]
[WhiteElo "2049"]
[BlackElo "1847"]
[PlyCount "80"]
[EventDate "2012.07.21"]
[EventType "team-swiss"]
[EventRounds "11"]
[EventCountry "POL"]
[SourceTitle "EXT 2014"]
[Source "ChessBase"]
[SourceDate "2013.11.20"]
[SourceVersion "1"]
[SourceVersionDate "2013.11.20"]
[SourceQuality "1"]
[WhiteTeam "Legnica Miedz U19"]
[BlackTeam "Katowice UKS Palac Mlodziezy U19"]
[WhiteTeamCountry "POL"]
[BlackTeamCountry "POL"]

1. d4 c5 2. d5 e5 3. e4 d6 4. Nc3 g6 5. h3 Bg7 6. Nf3 Ne7 7. Nd2 0-0 8. Nc4 a6 9. a4 b6 10. Be2 Ra7 11. g4 Rb7 12. Na3 f5 13. gxf5 gxf5 14. Bg5 f4 15. Bg4 Qc7 16. Bxc8 Nxc8 17. Qg4 Qd7 18. f3 Kh8 19. Bh4 Bf6 20. Kd2 Bxh4 21. Qxh4 Qe7 22. Qxe7 Rxe7 23. Rhg1 Rg8 24. Rg4 Reg7 25. Ke2 h5 26. Rxg7 Rxg7 27. Kf2 h4 28. Nc4 Kh7 29. b3 Kh6 30. Rh1 Nd7 31. Nd2 Nf6 32. Nf1 Nh5 33. Nh2 Ng3 34. Rb1 Rc7 35. Ng4+ Kg5 36. Ra1 Ra7 37. Rb1 Rc7 38. Ra1 Ra7 39. Rb1 Rc7 40. Ra1 Ra7 1/2-1/2

[Event "Podlaskie-ch U15 17th"]
[Site "Suwalki"]
[Date "2011.04.18"]
[Round "7"]
[White "Kosmala, Mateusz"]
[Black "Mirski, Michal"]
[Result "0-1"]
[WhiteElo "1719"]
[BlackElo "1776"]
[PlyCount "98"]
[EventDate "2011.04.14"]
[EventType "swiss"]
[EventRounds "10"]
[EventCountry "POL"]
[SourceTitle "EXT 2012"]
[Source "ChessBase"]
[SourceDate "2011.11.24"]
[SourceVersion "1"]
[SourceVersionDate "2011.11.24"]
[SourceQuality "1"]

1. e4 c5 2. Nc3 Nc6 3. g3 g6 4. Bg2 Bg7 5. Nge2 d6 6. d3 e6 7. Be3 Nd4 8. 0-0 Rb8 9. Qd2 b5 10. Nd1 Bd7 11. c3 Nxe2+ 12. Qxe2 b4 13. f4 Ne7 14. Bh3 0-0 15. Bd2 Re8 16. Ne3 a5 17. Qf2 f5 18. Bg2 Bb5 19. c4 Bd7 20. Rab1 Nc6 21. g4 Nd4 22. Kh1 fxg4 23. Qg3 h5 24. h3 gxh3 25. Bxh3 Qf6 26. Rf2 Rf8 27. Rbf1 Kh7 28. Ng2 Be8 29. Nh4 Bc6 30. Kh2 Bh6 31. Rg1 Rg8 32. Be3 Rbe8 33. Bc1 Ref8 34. Rgf1 Qe7 35. Be3 Rf7 36. Bc1 a4 37. Rg1 Rfg7 38. Rgf1 Bb7 39. Nf3 Nxf3+ 40. Qxf3 Rf7 41. f5 exf5 42. exf5 Bxf3 43. Rxf3 Qe5+ 44. Kh1 g5 45. Re3 Qd4 46. Re6 Qxd3 47. Bg2 Qxc4 48. Rxd6 Rgf8 49. Re1 Qh4+ 0-1

[Event "Podlaskie-ch U15 17th"]
[Site "Suwalki"]
[Date "2011.04.16"]
[Round "4"]
[White "Kosmala, Mateusz"]
[Black "Krawiecki, Stanislaw"]
[Result "1-0"]
[WhiteElo "1719"]
[BlackElo "1520"]
[PlyCount "77"]
[EventDate "2011.04.14"]
[EventType "swiss"]
[EventRounds "10"]
[EventCountry "POL"]
[SourceTitle "EXT 2012"]
[Source "ChessBase"]
[SourceDate "2011.11.24"]
[SourceVersion "1"]
[SourceVersionDate "2011.11.24"]
[SourceQuality "1"]

1. e4 e5 2. Nf3 Nc6 3. Bc4 Nf6 4. d3 Be7 5. Nc3 0-0 6. 0-0 d6 7. h3 Na5 8. Bb3 h6 9. Nh2 Nxb3 10. axb3 d5 11. exd5 Nxd5 12. Qh5 Nxc3 13. bxc3 f5 14. Ra5 c5 15. Ra1 Bf6 16. Ba3 b6 17. Rad1 Qc7 18. d4 exd4 19. cxd4 Be7 20. Qe2 Bd6 21. Qc4+ Kh8 22. Nf3 Bb7 23. d5 Rae8 24. Rfe1 Qf7 25. Bb2 Rxe1+ 26. Nxe1 Re8 27. Nf3 Re4 28. Qd3 Qe8 29. c4 Re2 30. Qc3 Qe7 31. Nh4 Qf7 32. Ba1 Re4 33. Qxg7+ Qxg7 34. Bxg7+ Kg8 35. Nxf5 Bf4 36. Bxh6 Bxh6 37. Nxh6+ Kh7 38. Nf5 Kg8 39. Nd6 1-0

[Event "POL-chT U19 41st"]
[Site "Ustron"]
[Date "2010.07.09"]
[Round "4"]
[White "Kosmala, Mateusz"]
[Black "Poswiatowski, Michal"]
[Result "1/2-1/2"]
[WhiteElo "1637"]
[BlackElo "1925"]
[PlyCount "77"]
[EventDate "2010.07.06"]
[EventType "team-tourn"]
[EventRounds "9"]
[EventCountry "POL"]
[SourceTitle "EXT 2019"]
[Source "ChessBase"]
[SourceDate "2018.10.10"]
[SourceVersion "1"]
[SourceVersionDate "2018.10.10"]
[SourceQuality "1"]
[WhiteTeam "Gliwice Politechnika Slaska U19"]
[BlackTeam "Suwalki Hancza U19"]
[WhiteTeamCountry "POL"]
[BlackTeamCountry "POL"]

1. e4 e5 2. Bc4 Nc6 3. Nf3 Nf6 4. d3 Be7 5. Nc3 d6 6. h3 0-0 7. 0-0 Na5 8. Bb3 c6 9. Ng5 Nxb3 10. axb3 h6 11. Nf3 Qc7 12. Be3 b5 13. Re1 Re8 14. d4 b4 15. dxe5 dxe5 16. Na4 Nxe4 17. Nb6 Rb8 18. Nxc8 Rbxc8 19. Rxa7 Qb8 20. Qd3 Nc5 21. Bxc5 Bxc5 22. Rd7 Rc7 23. Rxc7 Qxc7 24. Qc4 Qd6 25. c3 Re6 26. cxb4 Bxb4 27. Rxe5 Qd1+ 28. Qf1 Qxb3 29. Nd4 Qxb2 30. Rxe6 fxe6 31. Qc4 Qb1+ 32. Kh2 Qe1 33. Nxe6 Bd6+ 34. f4 Qb4 35. Qa2 Kh8 36. Qa8+ Kh7 37. Qxc6 Bxf4+ 38. Nxf4 Qxf4+ 39. Kh1 1/2-1/2

[Event "POL-chT U19 41st"]
[Site "Ustron"]
[Date "2010.07.08"]
[Round "3"]
[White "Kosmala, Mateusz"]
[Black "Jarmula, Pawel"]
[Result "1-0"]
[WhiteElo "1637"]
[BlackElo "1971"]
[PlyCount "53"]
[EventDate "2010.07.06"]
[EventType "team-tourn"]
[EventRounds "9"]
[EventCountry "POL"]
[SourceTitle "EXT 2019"]
[Source "ChessBase"]
[SourceDate "2018.10.10"]
[SourceVersion "1"]
[SourceVersionDate "2018.10.10"]
[SourceQuality "1"]
[WhiteTeam "Gliwice Politechnika Slaska U19"]
[BlackTeam "Warszawa Polonia U19"]
[WhiteTeamCountry "POL"]
[BlackTeamCountry "POL"]

1. e4 e6 2. d4 d5 3. exd5 exd5 4. Bd3 Nc6 5. c3 Bd6 6. Nf3 Nge7 7. 0-0 Bg4 8. Nbd2 Qd7 9. b4 0-0 10. Qc2 Ng6 11. h3 Be6 12. Ng5 Nce7 13. Nxe6 Qxe6 14. Nf3 a5 15. b5 h6 16. a4 Rfc8 17. c4 dxc4 18. Bxc4 Qd7 19. Qb3 Rf8 20. Bb2 Nc8 21. Ne5 Bxe5 22. dxe5 Re8 23. Rad1 Qf5 24. g4 Qf4 25. Rd4 Qxe5 26. Bxf7+ Kh7 27. Rd7 1-0